Three-state Logic-trit
Možnosti využitia trihodnotovej logiky pri riešení mnohých ekonomických problémov.
Saved in:
| Main Author: | |
|---|---|
| Format: | Book Chapter |
| Language: | English |
| Subjects: | |
| Tags: |
No Tags, Be the first to tag this record!
|
MARC
| LEADER | 00000nla a2200000 4500 | ||
|---|---|---|---|
| 001 | 0238523 | ||
| 005 | 20240502083638.2 | ||
| 041 | 0 | |a eng | |
| 044 | |a AT | ||
| 245 | 1 | 0 | |a Three-state Logic-trit |c Jaroslav Kultan |
| 520 | |a Možnosti využitia trihodnotovej logiky pri riešení mnohých ekonomických problémov. | ||
| 610 | 2 | 0 | |a matematika |
| 610 | 2 | 0 | |a veda ekonomická |
| 610 | 2 | 0 | |a logika |
| 610 | 2 | 0 | |a vzdelávanie |
| 100 | 1 | |a Kultan, Jaroslav, 1960- | |